|
|
|
|
| LEADER |
01407nam a2200325 a 4500 |
| 001 |
12977 |
| 003 |
BD-DhAAL |
| 008 |
100126s1980 nyua b 001 0 eng d |
| 999 |
|
|
|c 7216
|d 7216
|
| 010 |
|
|
|a \\\79022064
|
| 020 |
|
|
|a 0070281017
|
| 020 |
|
|
|a 0070582475
|
| 040 |
|
|
|a DLC
|c DLC
|d DLC
|d BD-DhAAL
|
| 082 |
0 |
0 |
|a 338.5
|2 22
|
| 100 |
1 |
|
|a Henderson, James Mitchell,
|d 1929-
|9 40222
|
| 245 |
1 |
0 |
|a Microeconomic theory :
|b a mathematical approach /
|c James M. Henderson, Richard E. Quandt.
|
| 250 |
|
|
|a Third edition
|
| 260 |
|
|
|a New York ;
|a New Delhi :
|b McGraw-Hill,
|c c1980 [reprinted 2003].
|
| 300 |
|
|
|a xix, 420 pages :
|b illustrations ;
|c 22 cm.
|
| 490 |
1 |
|
|a Economics handbook series
|
| 504 |
|
|
|a Includes bibliographical references and index.
|
| 541 |
1 |
|
|e 00012977
|
| 650 |
|
0 |
|a Microeconomics.
|9 40223
|
| 650 |
|
0 |
|a Economics, Mathematical.
|9 40224
|
| 700 |
1 |
|
|a Quandt, Richard E.,
|e joint author.
|9 40225
|
| 830 |
|
0 |
|a Economics handbook series (McGraw-Hill Book Company)
|9 40226
|
| 852 |
4 |
|
|a Ayesha Abed Library
|j General Stacks
|
| 942 |
|
|
|2 ddc
|c BK
|
| 952 |
|
|
|0 0
|1 0
|2 ddc
|4 0
|6 330_015100000000000_HEN
|7 0
|9 5120
|a BRACUL
|b BRACUL
|c GEN
|d 2009-11-09
|g 413.00
|l 1
|o 330.0151 HEN
|p 3010012978
|r 2015-05-11
|s 2015-05-05
|t 2
|w 2009-11-09
|y BK
|
| 952 |
|
|
|0 0
|1 0
|2 ddc
|4 0
|6 330_015100000000000_HEN
|7 0
|9 7509
|a BRACUL
|b BRACUL
|c GEN
|d 2010-01-27
|g 413.00
|l 6
|m 42
|o 330.0151 HEN
|p 3010012977
|r 2024-05-14
|s 2023-08-29
|t 1
|w 2010-01-27
|y BK
|